Science Quiz

Random Science or Clickable Quiz

Aquatic or Terrestrial Animals Quiz Stats

 Plays Quiz Updated Feb 7, 2018

Score 0/30 Timer 01:00
4 Plays Today
% Correct
Aquatic
91.1%
Terrestrial
90.7%
Terrestrial
90%
Aquatic
89.9%
Terrestrial
89.5%
Terrestrial
89.3%
Aquatic
88.8%
Aquatic
87.6%
Terrestrial
87.1%
Aquatic
85.2%
Terrestrial
79.3%
Terrestrial
78.4%
Terrestrial
78.4%
Aquatic
75.9%
Terrestrial
75.2%
% Correct
Terrestrial
74.8%
Terrestrial
74.6%
Aquatic
72.7%
Aquatic
69.3%
Aquatic
69.1%
Terrestrial
68.9%
Aquatic
68%
Terrestrial
66.9%
Terrestrial
65.5%
Aquatic
65.2%
Terrestrial
62.7%
Aquatic
54.2%
Aquatic
52.6%
Aquatic
46.3%
Aquatic
46.2%

You're not logged in!

Compare scores with friends on all Sporcle quizzes.
OR
Log In

Sporcle TV

Today on Sporcle TV


Watch our educational content, quiz creation guides, and fun videos on Sporcle TV.

Show Comments

Extras

Top Quizzes Today


Score Distribution

Your Account Isn't Verified!

In order to create a playlist on Sporcle, you need to verify the email address you used during registration. Go to your Sporcle Settings to finish the process.

Report this User

Report this user for behavior that violates our Community Guidelines.

Details: